000 00589nam a2200205Ia 4500
005 20250923145952.0
008 008 250917s9999 xx 000 0 eng d
037 _aTextual
040 _aDSWL
_beng
_cDSWL
041 _aeng
_2eng
084 _aX:90gS56x, N97
_qDSWL
245 0 _aStudies in Organizational Role Strees and Coping
_cEd. by D.M. Pestonjee
260 _aNew Delhi
_bRawat Pub.
_c1997
300 _a313 p.
365 _aINR
_b525.00
700 _a U. Pareek
_9840839
925 _g525.00
942 _cTEXL
_hX:90gS56x, N97
999 _c1457952
_d1457952